Champions League Runner-ups - Statistics

General Stats
  • This quiz has been taken 101 times
    80 since last reset
  • The average score is 54 of 69
Answer Stats
Hint Answer % Correct
2024 Borussia Dortmund
99%
2013 Borussia Dortmund
99%
2023 Inter Milan
97%
1972 Inter Milan
97%
1967 Inter Milan
97%
2022 Liverpool
97%
2018 Liverpool
97%
2007 Liverpool
97%
1985 Liverpool
97%
2019 Tottenham Hotspur
96%
2012 Bayern Munich
94%
2010 Bayern Munich
94%
1999 Bayern Munich
94%
1987 Bayern Munich
94%
1982 Bayern Munich
94%
2008 Chelsea
94%
2011 Manchester United
94%
2009 Manchester United
94%
2020 Paris Saint-Germain
94%
2016 Atlético Madrid
93%
2014 Atlético Madrid
93%
1974 Atlético Madrid
93%
2021 Manchester City
93%
1994 Barcelona
90%
1986 Barcelona
90%
1961 Barcelona
90%
2017 Juventus
90%
2015 Juventus
90%
2003 Juventus
90%
1998 Juventus
90%
1997 Juventus
90%
1983 Juventus
90%
1973 Juventus
90%
2006 Arsenal
89%
1996 Ajax
86%
1969 Ajax
86%
1990 Benfica
86%
1988 Benfica
86%
1968 Benfica
86%
1965 Benfica
86%
1963 Benfica
86%
1981 Real Madrid
86%
1964 Real Madrid
86%
1962 Real Madrid
86%
2005 Milan
85%
1995 Milan
85%
1993 Milan
85%
1958 Milan
85%
2001 Valencia
79%
2000 Valencia
79%
2004 Monaco
77%
1984 Roma
76%
1970 Celtic
72%
1991 Marseille
72%
2002 Bayer Leverkusen
59%
1980 Hamburger SV
55%
1960 Eintracht Frankfurt
52%
1975 Leeds
51%
1978 Club Brugge
45%
1957 Fiorentina
41%
1992 Sampdoria
41%
1977 Borussia Mönchengladbach
39%
1979 Malmö FF
37%
1959 Reims
35%
1956 Reims
35%
1976 Saint-Étienne
35%
1966 Partizan
32%
1971 Panathinaikos
27%
1989 Steaua Bucharest
18%
No matching quizzes found
Score Distribution
Percent of People with Each Score
Percentile by Number Answered
Your Score History
You have not taken this quiz since the last reset